000 00543cam a2200217ua 4500
001 2602
005 20260515113531.0
008 110829n ii |||gr||||Z||||||asm
040 _cMAIN
082 _a491.4515
100 1 _aBaruah, Hemchandra,
_eAuthor.
245 1 1 _aAsamiya byakaran
_cby Hemchandra Baruah
250 _a1st.
260 _aSibsagarh:
_bHemchandra library,963.
300 _a326p:
_c23cm.
653 _aLanguage
653 _aAssamese language
653 _aAssamese language
653 _aAsamiya byakaran
942 _cBK
999 _c2453
_d2453